| 000 | 00446nam a2200109Ia 4500 | ||
|---|---|---|---|
| 008 | 220216s9999 xx 000 0 und d | ||
| 100 | _aGhafouri S N | ||
| 245 | 0 | _aCooling impact on rubber mixing in the farrel shaw intermix internal mixer | |
| 260 | _bProceedings of the National Conference and Exposition on Rubber and Allied Materials. India Rub Tech Expo 2004. 13-14 February, 2004, Mysore.pp.207-219. | ||
| 650 | _aRubber mixing | ||
| 942 | _cJS | ||
| 999 |
_c56362 _d56362 |
||